Письма Щербачева Д. - попечителя Суворовского музея и начальника Николаевской академии Генштаба

Доступно только в Электронных читальных залах Найти на картеНа карте
RUSMARC
00004290nac2a22002893x 450
0019e33e441-a153-4fc3-b037-eaee12a6b330
00520220701155958.0
100##$a20220622l1898 k y0rusy50 ca
1010#$arus
102##$aRU
105##$ay z |||e|
1222#$ad18981231
$ad19121231
2001#$aПисьма Щербачева Д. - попечителя Суворовского музея и начальника Николаевской академии Генштаба
$j[19--]
215##$a6 листов
251##$cДело
300##$aЗаголовок дела на папке: Письма Попечителя Суворовского музея и начальника Николаевской академии Генерального штаба Д. Щербачева
300##$aНа папке дела: 23 августа 1907 г. - 17 ноября 1908 г.
300##$aЛист: 6 - конверт
300##$aЧасть текста машинописная и рукописная, часть - напечатана типографским способом
461#0$100146f31c0b-2482-4a55-a7be-cfce92df5576
$12001
$aЭнгельгардт Василий Павлович, барон, астроном, музыкант, собиратель материалов о А. В. Суворове
$1251
$cФонд
$1852
$j1824
462#0$10017889321c-552f-4516-aff1-d25a6bed3147
$12001
$aДела постоянного хранения. 1898-1912 гг.
$vД. 55
$1251
$cОпись
$1852
$j1
5171#$aПисьма Попечителя Суворовского музея и начальника Николаевской академии Генерального штаба Д. Щербачева
600#1$aЭнгельгардт
$bВ. П.
$cбарон
$gВасилий Павлович
600#1$aЩербачев
$bД.
801#0$aRU
$bGA_RF
801#1$aRU
$bГлавНИВЦ
$c20220622
$2rusmarc
801#2$aRU
$bПБ им. Б.Н. Ельцина
$c20220701
$gRCR
$2rusmarc
852##$aГА РФ
$j55
937##$d177004038
$hГАРФ
035##$aRuPRLIB51067972
856##$uhttp://readingroom.main.prlib.ru/item.aspx?id_node=n177004038&mode=full
Формат отображения